[Event "Tenerife-chT Tercera"]
[Site "Tenerife"]
[Date "2023.01.21"]
[Round "2.1"]
[White "Simion, Emanuel Marian"]
[Black "Amaya Garcia, Jose Jinosar"]
[Result "1/2-1/2"]
[WhiteElo "1158"]
[BlackElo "1420"]
[PlyCount "69"]
[EventDate "2023.01.14"]
[EventType "team-tourn"]
[EventRounds "15"]
[EventCountry "ESP"]
[SourceTitle "EXT 2024"]
[Source "ChessBase"]
[SourceDate "2023.10.10"]
[SourceVersion "1"]
[SourceVersionDate "2023.10.10"]
[SourceQuality "1"]
[WhiteTeam "Al Shah Mat Los Realejos IV"]
[BlackTeam "Ebano Barrio Nuevo IV"]
[WhiteTeamCountry "ESP"]
[BlackTeamCountry "ESP"]

1. Nf3 Nf6 2. g3 e6 3. Bg2 d5 4. d3 Be7 5. 0-0 c5 6. Nbd2 Nc6 7. b3 0-0 8. Bb2 d4 9. Nc4 Qc7 10. e4 e5 11. a4 a5 12. h3 Be6 13. Ncd2 Qd7 14. Ng5 h6 15. Nxe6 Qxe6 16. Nc4 Rab8 17. Kh2 b6 18. f3 Nh7 19. f4 f5 20. exf5 Rxf5 21. fxe5 Nxe5 22. Re1 Qf6 23. Nxe5 Rxe5 24. Rxe5 Qxe5 25. Qe1 Qf6 26. Qf1 Bd6 27. Qxf6 Nxf6 28. c3 dxc3 29. Bxc3 Nh5 30. Be1 b5 31. Bd5+ Kf8 32. Bxa5 b4 33. Rf1+ Ke7 34. Re1+ Kd7 35. Be6+ 1/2-1/2

[Event "Santa Cruz Christmas op 32nd"]
[Site "Santa Cruz"]
[Date "2022.12.28"]
[Round "8"]
[White "Simion, Emanuel Marian"]
[Black "Mesa Regalado, Adrian"]
[Result "0-1"]
[WhiteElo "1158"]
[BlackElo "1181"]
[PlyCount "60"]
[EventDate "2022.12.15"]
[EventType "swiss"]
[EventRounds "9"]
[EventCountry "ESP"]
[SourceTitle "EXT 2024"]
[Source "ChessBase"]
[SourceDate "2023.10.10"]
[SourceVersion "1"]
[SourceVersionDate "2023.10.10"]
[SourceQuality "1"]

1. Nf3 Nf6 2. g3 g6 3. Bg2 Bg7 4. d3 0-0 5. 0-0 d6 6. Nbd2 e5 7. e4 Nc6 8. Nc4 Bg4 9. h3 Be6 10. Ne3 Qd7 11. Kh2 Rad8 12. c3 d5 13. Ng5 dxe4 14. Nxe6 Qxe6 15. Qc2 exd3 16. Qd2 e4 17. Re1 Bh6 18. f4 exf3 19. Bxf3 Ne4 20. Qg2 d2 21. Bxd2 Rxd2 22. Re2 Rfd8 23. Ng4 Rxe2 24. Nxh6+ Kg7 25. Bxe2 Kxh6 26. Re1 Rd2 27. Qf3 Ng5 28. Qf1 Ne5 29. Qf4 Nef3+ 30. Kg2 Rxe2+ 0-1

[Event "Santa Cruz Christmas op 32nd"]
[Site "Santa Cruz"]
[Date "2022.12.27"]
[Round "7"]
[White "Febles Dominguez, Alfonso Jesus"]
[Black "Simion, Emanuel Marian"]
[Result "1-0"]
[WhiteElo "1256"]
[BlackElo "1158"]
[PlyCount "59"]
[EventDate "2022.12.15"]
[EventType "swiss"]
[EventRounds "9"]
[EventCountry "ESP"]
[SourceTitle "EXT 2024"]
[Source "ChessBase"]
[SourceDate "2023.10.10"]
[SourceVersion "1"]
[SourceVersionDate "2023.10.10"]
[SourceQuality "1"]

1. e4 e5 2. Nf3 Nc6 3. Bb5 a6 4. Ba4 d6 5. c3 Nf6 6. d3 Be7 7. h3 0-0 8. Be3 d5 9. Nbd2 d4 10. Bg5 Nh5 11. Bxe7 Qxe7 12. cxd4 Nxd4 13. Nxd4 exd4 14. Qxh5 Qb4 15. Bb3 a5 16. a3 Qb6 17. a4 Qb4 18. Rc1 Be6 19. Qd1 b5 20. 0-0 bxa4 21. Bxe6 fxe6 22. Rxc7 Qxb2 23. Nc4 Qc3 24. Qxa4 Qxd3 25. Qd7 Qg3 26. fxg3 Rxf1+ 27. Kxf1 Rf8+ 28. Kg1 Rf1+ 29. Kxf1 d3 30. Qxg7# 1-0

[Event "Santa Cruz Christmas op 32nd"]
[Site "Santa Cruz"]
[Date "2022.12.20"]
[Round "4"]
[White "Simion, Emanuel Marian"]
[Black "Gomez Mederos, Daniel"]
[Result "1/2-1/2"]
[WhiteElo "1158"]
[BlackElo "1271"]
[PlyCount "118"]
[EventDate "2022.12.15"]
[EventType "swiss"]
[EventRounds "9"]
[EventCountry "ESP"]
[SourceTitle "EXT 2024"]
[Source "ChessBase"]
[SourceDate "2023.10.10"]
[SourceVersion "1"]
[SourceVersionDate "2023.10.10"]
[SourceQuality "1"]

1. Nf3 Nf6 2. g3 g6 3. Bg2 Bg7 4. 0-0 0-0 5. d3 c5 6. e4 Nc6 7. Nbd2 d6 8. Ne1 d5 9. f4 Bg4 10. Nef3 dxe4 11. dxe4 Nd4 12. h3 Nxf3+ 13. Nxf3 Be6 14. Qxd8 Rfxd8 15. e5 Nd5 16. Ng5 Bf5 17. c4 Nb6 18. b3 f6 19. Nf3 Rd7 20. Ba3 Rc8 21. Rad1 h5 22. Nh4 fxe5 23. Nxf5 gxf5 24. Rxd7 Nxd7 25. Rd1 Rc7 26. fxe5 Bxe5 27. Bd5+ Kg7 28. Kg2 b6 29. Be6 Bd4 30. Bxf5 Nf6 31. Bc1 e5 32. g4 hxg4 33. hxg4 Rf7 34. Rh1 Ng8 35. Rh7+ Kf8 36. Rh8 Kg7 37. Rh7+ Kf8 38. Rh8 Kg7 39. Rh5 Kf8 40. Rh8 Kg7 41. Rh7+ Kf8 42. Rxf7+ Kxf7 43. Be4 Nf6 44. Bf5 Kg7 45. g5 Nh7 46. Kf3 a6 47. Ke4 Nf8 48. Kd5 b5 49. Kc6 b4 50. Kb6 Ng6 51. Kxa6 Nf4 52. a3 Ne2 53. axb4 Nxc1 54. b5 Nxb3 55. b6 e4 56. Bxe4 Be5 57. Ka7 Na5 58. Bd5 Kg6 59. b7 Kxg5 1/2-1/2

[Event "ROM-ch U08"]
[Site "Calimanesti Caciulata"]
[Date "2019.04.22"]
[Round "9"]
[White "Simion, Emanuel Marian"]
[Black "Iacob, Cosmin Stefan"]
[Result "0-1"]
[WhiteElo "1001"]
[BlackElo "1027"]
[PlyCount "36"]
[EventDate "2019.04.15"]
[EventType "swiss"]
[EventRounds "9"]
[EventCountry "ROU"]
[SourceTitle "CBM 190 Extra"]
[Source "ChessBase"]
[SourceDate "2019.07.15"]
[SourceVersion "1"]
[SourceVersionDate "2019.07.15"]
[SourceQuality "1"]

1. e4 e5 2. Nf3 Nc6 3. d4 exd4 4. Nxd4 Bc5 5. Nb3 Bb6 6. Nc3 d6 7. Qe2 Nf6 8. Be3 Be6 9. 0-0-0 Qe7 10. g3 Bxb3 11. axb3 Nxe4 12. Nd5 Qd7 13. Bxb6 axb6 14. Qxe4+ Ne5 15. f4 Qg4 16. Nxc7+ Kd7 17. Nxa8 Rxa8 18. h3 Ra1+ 0-1

[Event "ROM-ch U08"]
[Site "Calimanesti Caciulata"]
[Date "2019.04.18"]
[Round "5"]
[White "Guriencu, Gabriel Alexandru"]
[Black "Simion, Emanuel Marian"]
[Result "0-1"]
[WhiteElo "1027"]
[BlackElo "1001"]
[PlyCount "58"]
[EventDate "2019.04.15"]
[EventType "swiss"]
[EventRounds "9"]
[EventCountry "ROU"]
[SourceTitle "CBM 190 Extra"]
[Source "ChessBase"]
[SourceDate "2019.07.15"]
[SourceVersion "1"]
[SourceVersionDate "2019.07.15"]
[SourceQuality "1"]

1. d4 d5 2. c4 e6 3. cxd5 exd5 4. Nc3 Nf6 5. Bg5 Be7 6. e4 dxe4 7. Nxe4 Nxe4 8. Bxe7 Qxe7 9. Qe2 0-0 10. g3 b6 11. Bg2 Bb7 12. f3 Qb4+ 13. Kf1 Ba6 14. Qxa6 Nxa6 15. fxe4 Qxd4 16. e5 Qc4+ 17. Ke1 Rad8 18. Bf1 Qe4+ 19. Be2 Qxh1 20. Bxa6 Qxg1+ 21. Ke2 Qxa1 22. Bc4 Qxb2+ 23. Ke1 Rd2 24. e6 Rc2 25. exf7+ Kh8 26. Bb3 Rc1+ 27. Bd1 Rxf7 28. g4 Re7+ 29. Kf1 Rxd1# 0-1